000 01042cam a2200289 a 4500
999 _c329260
_d329260
001 1056163
003 Nust
005 20170502115240.0
008 910108s1991 miua b 001 0 eng
010 _a 90090765
020 _a0873712838
040 _aDLC
_cDLC
_dDLC
050 0 0 _aTD403
_b.W35 1991
082 0 0 _a462.18643 WAL
_220
100 1 _aWalton, William Clarence.
245 1 0 _aPrinciples of groundwater engineering /
_cWilliam C. Walton.
260 _aChelsea, Mich. :
_bLewis Publishers,
_cc1991.
300 _axx, 546 p. :
_bill. ;
_c24 cm.
500 _aH.B
504 _aIncludes bibliographical references (p. [377]-407) and index.
650 0 _aGroundwater
_xManagement.
650 0 _aGroundwater flow.
650 0 _aGroundwater.
856 4 2 _3Publisher description
_uhttp://www.loc.gov/catdir/enhancements/fy0744/90090765-d.html
906 _a7
_bcbc
_corignew
_d2
_eopcn
_f19
_gy-gencatlg
942 _2ddc
_cBK
_k462.18643 WAL